00776nam a22002177a 450000500170000001000150001702000260003203500140005803700130007208200110008524501230009626000400021927000440025930000300030350000190033370000190035270000220037194200250039399900190041895201210043720161206124146.0 aENG-116750 a9788184845105c880.00 aEN-100282 bDBAD/PUB a303.66 aManaging peace and conflict : cby Johan Zechariah [and] John Chelladuraibcurrent issues, violation [and] remedies / aNew DelhibRegal Publicationsc2016 aF-159 Rajouri GardenbNew Delhie110027 axxv,183p.:c23cm(Hb)bill aIncludes index aZechariah,John a Chelladurai,John 2ddccENh303.66mMAN c104984d104984 001040708NFICaCJbCJd2016-12-06eDBAD/PUBg880.00l0o303.66 MANpEN-100282r2016-12-06 00:00:00t1v880.00yEN